[Event "DEM U14 2017"]
[Site "Willingen GER"]
[Date "2017.06.09"]
[Round "8"]
[White "Jungandreas, Tillmann"]
[Black "Jeschke, Jan"]
[Result "1/2-1/2"]
[Termination "normal"]
[Board "24"]
[WhiteElo "1414"]
[BlackElo "1284"]
[PlyCount "49"]
[WhiteFideId "16244664"]
[BlackFideId "16225430"]
[EventCountry "GER"]
[EventRounds "9"]
[EventType "swiss"]
[EventDate "2017.06.03"]

1. e4 e6 2. d4 d5 3. Nd2 Nf6 4. e5 Nfd7 5. Ngf3 c5 6. c3 Nc6 7. Bd3 f6 8. exf6
Nxf6 9. Nf1 cxd4 10. cxd4 Bd6 11. Ng3 Qc7 12. Qc2 O-O 13. Bg5 g6 14. a3 Qg7 15.
Qd2 Qe7 16. O-O Bd7 17. Rae1 Rfe8 18. Re2 Bc7 19. Rfe1 Bb6 20. Bc2 Qf8 21. Qf4
Bd8 22. Bh6 Qe7 23. Qg5 Qf7 24. Qf4 Qe7 25. Qg5 1/2-1/2